000 00730nam a2200217Ia 4500
001 5727
003 GE_BSU
008 181216s||||||||xx |||||||||||||| ||und||
040 _cGE_BSU
080 _a628.3(075.8)
100 _aნამგალაძე,პ.
245 _aჩამდინარე წყლების გაწმენდა.
245 _bსახელმძღვ.
245 _cრედ.პ.ლაბარტყავა.
260 _aთბ.
260 _bგანათლება.
260 _c1978.
300 _a267გვ;22სმ;ილ;ბიბლიოგრ.:გვ.262-263.
653 _aჩამდინარე წყლების გაწმენდა.
942 _cBK
999 _c39144
_d39144